00446nam a2200145Ia 4500003000400000008004200004040001600046082002100062100002500083245008800108260004500196650001600241650001900257650002400276GCL140319s9999 xx 000 0 aRus d aGCL / cGCL04aREFb011.31bK T1 aKARATAY, FEHMI EDHEM10aTOPKAPI SARAYI MUZESI KUTUPHANESI ARAPCA YAZMALAR KATALOGU / cKARATAY, FEHMI EDHEM a[S.N] : bTOPKAPI SARYI MUZESI ، c196204aMANUSCRIPTS04aBIBLIOGRAPHIES04aMANUSCRIPTS, ARABIC